| 000 | 00546nam a2200181Ia 4500 | ||
|---|---|---|---|
| 003 | OSt | ||
| 005 | 20250811091737.0 | ||
| 008 | 250729s2004 xx 000 0 und d | ||
| 040 | _cAL | ||
| 041 | _aeng | ||
| 082 | _a370.15 OBAS | ||
| 100 |
_aಕರಿಗಣ್ಣನವರ ಏ ಜಿ _9221192 |
||
| 245 | _aಭಾರತೀಯ ಶಾಲೆಗಳಲ್ಲಿ ಆಧುನಿಕ ವಿಜ್ಞಾನ ಭೋಧನೆ | ||
| 260 |
_aGadaga _bVidya Nidhi Prakashana _c2004 |
||
| 300 | _a358p | ||
| 650 |
_aScience _9221193 |
||
| 942 |
_2ddc _cBED |
||
| 999 |
_c234897 _d234897 |
||